За горами: Повести, рассказы, очерки писателей старого Урала; Как жили в Куморе; Катерина Алексеевна; На шурфовке; Аликаев камень; Дедушка-вогул и его внуки; Исправник; Душа болит; Ибрагим; За горами; Закир; Будни; Докатилось...; Мать; Хазрет Хайбулла; Летней ночью; В плену у железа; Никандра от Николы Мирликийского; Пелагеюшка - раб Христов
| Otros Autores: | , |
|---|---|
| Lenguaje: | ruso |
| Publicado: |
Свердловск, Средне-Уральское кн. изд-во, 1990
|
| TOC: | А. Кирпищикова, Как жили в Куморе; А. Кирпищикова, Катерина Алексеевна; Н. Казанцев, На шурфовке; А. Погорелов, Аликаев камень; К. Носилов, Дедушка-вогул и его внуки; А. Туркин, Исправник; А. Туркин, Душа болит; А. Туркин, Ибрагим; И. Колотовкин, За горами; И. Колотовкин, Закир; И. Колотовкин, Будни; И. Колотовкин, Докатилось...; Н. Крашенинников, Мать; Н. Крашенинников, Хазрет Хайбулла; Г. Белорецкий, Летней ночью; П. Заякин-Уральский, В плену у железа; Б. Тимофеев, Никандра от Николы Мирликийского; Б. Тимофеев, Пелагеюшка - раб Христов; |
| Colección: | Уральская библиотека |
| Materias: | |
| Formato: | Libro |
| KOHA link: | https://koha.lib.tpu.ru/cgi-bin/koha/opac-detail.pl?biblionumber=113490 |
MARC
| LEADER | 00000nam0a2200000 4500 | ||
|---|---|---|---|
| 001 | 113490 | ||
| 005 | 20231031121828.0 | ||
| 010 | |a 5752902215 | ||
| 020 | |a RU |b 90-35276 | ||
| 035 | |a (RuTPU)RU\TPU\book\122745 | ||
| 090 | |a 113490 | ||
| 100 | |a 20070411d1990 m a0rusy5003 ca | ||
| 101 | 0 | |a rus | |
| 102 | |a RU | ||
| 105 | |a y z 001ay | ||
| 200 | 1 | |a За горами |e Повести, рассказы, очерки писателей старого Урала |f авт. послесл., сост.И. А. Дергачева и Г. К. Щенникова | |
| 210 | |a Свердловск |c Средне-Уральское кн. изд-во |d 1990 | ||
| 215 | |a 464 с. |d 20 см | ||
| 225 | 1 | |a Уральская библиотека |e УБ: 2-й вып. | |
| 320 | |a Библиогр. в примеч.: с. 441-446 | ||
| 464 | |t Как жили в Куморе |o Повесть |f А. Кирпищикова | ||
| 464 | |t Катерина Алексеевна |o Рассказ |f А. Кирпищикова | ||
| 464 | |t На шурфовке |o Очерк |f Н. Казанцев | ||
| 464 | |t Аликаев камень |o Повесть |f А. Погорелов | ||
| 464 | |t Дедушка-вогул и его внуки |o Очерк |f К. Носилов | ||
| 464 | |t Исправник |o Повесть |f А. Туркин | ||
| 464 | |t Душа болит |o Рассказ |f А. Туркин | ||
| 464 | |t Ибрагим |o Рассказ |f А. Туркин | ||
| 464 | |t За горами |o Рассказ |f И. Колотовкин | ||
| 464 | |t Закир |o Рассказ |f И. Колотовкин | ||
| 464 | |t Будни |o Рассказ |f И. Колотовкин | ||
| 464 | |t Докатилось... |o Рассказ |f И. Колотовкин | ||
| 464 | |t Мать |o Рассказ |f Н. Крашенинников | ||
| 464 | |t Хазрет Хайбулла |o Рассказ |f Н. Крашенинников | ||
| 464 | |t Летней ночью |o Уральский этюд |f Г. Белорецкий | ||
| 464 | |t В плену у железа |o Очерк |f П. Заякин-Уральский | ||
| 464 | |t Никандра от Николы Мирликийского |o Рассказ |f Б. Тимофеев | ||
| 464 | |t Пелагеюшка - раб Христов |o Рассказ |f Б. Тимофеев | ||
| 610 | 1 | |a русская литература | |
| 610 | 1 | |a Урал | |
| 610 | 1 | |a повести | |
| 610 | 1 | |a рассказы | |
| 675 | |a Р1 |z rus | ||
| 702 | 1 | |a Дергачева |b И. А. |4 075 | |
| 702 | 1 | |a Щенникова |b Г. К. |4 075 | |
| 801 | 0 | |a RU |b RuMRKP |c 19950417 |g psbo | |
| 801 | 1 | |a RU |b 63413507 |c 20070411 |g PSBO | |
| 801 | 2 | |a RU |b 63413507 |c 20070813 |g PSBO | |
| 942 | |c BK | ||